Śarat̲-sāhitya-saṃgraha. (Record no. 59961)

MARC details
000 -LEADER
fixed length control field 00540cam a22002051 4500
001 - CONTROL NUMBER
control field sa 64006950
003 - CONTROL NUMBER IDENTIFIER
control field DLC
005 - DATE AND TIME OF LATEST TRANSACTION
control field 20260227112043.0
008 - FIXED-LENGTH DATA ELEMENTS--GENERAL INFORMATION
fixed length control field 890724m19541965ii c 000 0 beno
010 ## - LIBRARY OF CONGRESS CONTROL NUMBER
LC control number sa 64006950
035 ## - SYSTEM CONTROL NUMBER
System control number (OCoLC)20060013
040 ## - CATALOGING SOURCE
Original cataloging agency DLC
Transcribing agency WaU
Modifying agency DLC
042 ## - AUTHENTICATION CODE
Authentication code premarc
050 00 - LIBRARY OF CONGRESS CALL NUMBER
Classification number PK1718
Item number .C45 1954
100 1# - MAIN ENTRY--PERSONAL NAME
Personal name Caṭṭopādhyāya, Śaratcandra,
Dates associated with a name 1876-1938.
245 10 - TITLE STATEMENT
Title Śarat̲-sāhitya-saṃgraha.
260 ## - PUBLICATION, DISTRIBUTION, ETC.
Date of publication, distribution, etc. [1954-65; v. 1, 1961]
300 ## - PHYSICAL DESCRIPTION
Extent 13 v.
Other physical details ports.
Dimensions 25 cm.
500 ## - GENERAL NOTE
General note In Bengali.

No items available.

Powered by Koha